Speciation of arsenic metabolites in the free-living mouse Mus spretus from Doñana National Park used as a bio-indicator for environmental pollution monitoring

Bibliographic Details
Main Authors: Vioque-Fernández, Amalia (Author), Pueyo, Carmen (Author), Gómez-Ariza, José-Luis (Author), López-Barea, Juan (Author), González-Fernández, Macarena (Author), García-Sevillano, Miguel Ángel (Author), Jara-Biedma, Rocío (Author), García-Barrera, Tamara (Author)
Format: Article
Language:English
Subjects:

MARC

LEADER 00000nab a2200000uu 4500
001 vtls010878310
003 SK-MaSNL
005 20260304013001.0
008 230303|2012 xo |||||||||||||||||eng|
015 |a SNBRB 
035 |a (urnnbn)urn:nbn:sk:snk:ar-005uzv 
035 |a (uuid)72e96221-471e-4d69-a9ab-ac4637860afa 
035 |a urn:nbn:sk:snk-ab7mj0 
040 |a SNKBUCL  |b slo  |c SNKBUCL  |e AACR2 
041 0 |a eng 
044 |a xo  |c SK 
080 |a 661.641  |2 2001 
100 1 |a Vioque-Fernández, Amalia  |4 aut  |9 1293339 
245 1 0 |a Speciation of arsenic metabolites in the free-living mouse Mus spretus from Doñana National Park used as a bio-indicator for environmental pollution monitoring  |c Amalia Vioque-Fernández, José-Luis Gómez-Ariza, Juan López-Barea, Macarena González-Fernández, Miguel Ángel García-Sevillano, Rocío Jara-Biedma, Tamara García-Barrera, Carmen Pueyo 
504 |a Bibliogr. odkazy 
650 0 7 |a arzén  |2 SNKPH  |9 17607 
650 0 7 |a znečistenie životného prostredia  |2 SNKPH  |9 988 
655 7 |a štúdie  |2 SNKPH  |9 57033 
700 1 |a Pueyo, Carmen  |4 aut  |9 1293340 
700 1 |a Gómez-Ariza, José-Luis  |4 aut  |9 1293341 
700 1 |a López-Barea, Juan  |4 aut  |9 1293342 
700 1 |a González-Fernández, Macarena  |4 aut  |9 1293343 
700 1 |a García-Sevillano, Miguel Ángel  |4 aut  |9 1293344 
700 1 |a Jara-Biedma, Rocío  |4 aut  |9 1293345 
700 1 |a García-Barrera, Tamara  |4 aut  |9 1293346 
773 0 |t Chemical papers  |g Roč. 66, č. 10 (2012), s. [914]-924 
958 |a NB 
958 |a OND 
958 |a EUIPO 
958 |a article8 
999 |c 2574021  |d 2575951